La política exterior chilena entre 1990-1997 : hacia una nueva inserción internacional

La reinserción internacional de Chile experimentada en los primeros años del gobierno democrático del Presidente Aylwin, demostró ser una herramienta efectiva para insertar plenamente a Chile en la comunidad internacional, recuperando los largos diecisiete años de Gobierno militar que provocaron la...

Full description

Bibliographic Details
Main Author: Sepúlveda Castro, Juan
Other Authors: Romero Echeverría, Luis (profesor guía)
Format: Tesis
Language:Spanish
Published: Santiago, Chile: Universidad Academia de Humanismo Cristiano, 1999.
Subjects:
Online Access:Disponible en línea (PDF). Biblioteca Digital UAHC

MARC

LEADER 00000nmm a22000007a 4500
001 042947
003 UAHC_CL
005 20220803125349.0
008 010822s1999 cl o d 000 spa
040 |a UAHC_CL  |c UAHC_CL  |d UAHC_CL 
082 0 4 |a TADPU 07 
100 1 |a Sepúlveda Castro, Juan 
245 1 3 |a La política exterior chilena entre 1990-1997 :  |b hacia una nueva inserción internacional   |c Juan Sepúlveda Castro; profesor guía Luis Romero Echeverría. 
260 |a Santiago, Chile:  |b Universidad Academia de Humanismo Cristiano,  |c 1999. 
300 |a 106 páginas. 
500 |a Tesis para optar al título de Administrador/a Público/a y al grado de Licenciado/a en Ciencias Políticas y Administrativas. 
502 |a Tesis (Administración Pública) --Universidad Academia de Humanismo Cristiano, 1999. 
516 |a Tesis electrónica (PDF). Solicitar envío de documento a biblioteca@academia.cl. 
520 |a La reinserción internacional de Chile experimentada en los primeros años del gobierno democrático del Presidente Aylwin, demostró ser una herramienta efectiva para insertar plenamente a Chile en la comunidad internacional, recuperando los largos diecisiete años de Gobierno militar que provocaron la marginación política de nuestro país en los diferentes foros internacionales, siendo constantemente acusado en estas instancias por la actitud del régimen frente al tratamiento de los derechos humanos. 
650 0 |a Ciencias políticas  |9 41 
650 0 |a Administración pública  |9 548 
700 |a Romero Echeverría, Luis  |9 12433  |e profesor guía 
856 |u http://bibliotecadigital.academia.cl/xmlui/handle/123456789/5779  |y Disponible en línea (PDF). Biblioteca Digital UAHC 
900 |a TADPU 07 
942 |c TS 
952 |0 0  |1 0  |4 0  |6 TADPU_07_000000000000000  |7 0  |8 COMP  |9 80375  |a BC  |b BC  |c Digital  |d 2017-08-03  |o TADPU 07  |r 2019-01-15 00:00:00  |w 2017-08-03  |y TS  |z Documento en PDF  |B ADM 
999 |c 42947  |d 42947